[Event "Czech League 2010/11 (2nd) (b)"]
[Site "masterchessopen.com Czech Republic"]
[Date "2011.02.06"]
[Round "7"]
[White "Cerny Martin (CZE)"]
[Black "Krejcik Jiri (CZE)"]
[Result "1-0"]
[WhiteElo "2193"]
[BlackElo "2124"]

1.d4 Nf6 2.c4 g6 3.Nc3 Bg7 4.e4 d6 5.Be2 O-O 6.Bg5 h6 7.Be3 c5 8.d5 b5 9.cxb5
a6 10.a4 Qa5 11.Bd2 e6 12.Nf3 axb5 13.Bxb5 Na6 14.O-O Nb4 15.Re1 exd5 16.Nxd5
Nfxd5 17.exd5 Ba6 18.Bxa6 Rxa6 19.Re4 Bxb2 20.Bxh6 Rc8 21.Ng5 Ra7 22.Qe2 Be5
23.Rxe5 dxe5 24.Qxe5 f6 {#r} 1-0

[Event "Ch Bulgaria (1/2 final)"]
[Site "masterchessopen.com Plovdiv (Bulgaria)"]
[Date "2011.02.10"]
[Round "6"]
[White "Ninov Dayan (BUL)"]
[Black "Kolev Hristian (BUL)"]
[Result "1-0"]
[WhiteElo "2140"]
[BlackElo "1804"]

1.d4 Nf6 2.c4 g6 3.Nc3 Bg7 4.e4 d6 5.Be2 O-O 6.Bg5 h6 7.Be3 e5 8.d5 a5 9.Qd2
Kh7 10.f3 Na6 11.g4 Ne8 12.h4 Nc5 13.Nh3 f5 14.h5 f4 15.hxg6+ Kxg6 16.Bf2 Bf6
17.O-O-O Ng7 18.Bxc5 dxc5 19.d6 cxd6 20.Qxd6 Qxd6 21.Rxd6 Be6 22.Nd5 Rfd8
23.Rb6 Rd7 24.Rb5 Bd8 25.Rxc5 Rd6 26.Nc3 Kf6 27.Nxf4 Bb6 28.Ncd5+ {#r} 1-0

[Event "Czech League 2010/11 (krajsky prebor)"]
[Site "masterchessopen.com Czech Republic"]
[Date "2011.02.27"]
[Round "9"]
[White "Schejbal Josef (CZE)"]
[Black "Splitek Lubos"]
[Result "1-0"]
[WhiteElo "1936"]
[BlackElo "1801"]

1.d4 Nf6 2.c4 g6 3.Nc3 Bg7 4.e4 d6 5.Be2 O-O 6.Bg5 h6 7.Be3 Nbd7 8.Qd2 Kh7
9.f3 e5 10.d5 a5 11.Nh3 Nc5 12.Nf2 Ng8 13.g4 f5 14.gxf5 gxf5 15.O-O-O f4
16.Bxc5 dxc5 17.Rdg1 Ra6 18.Nd3 Qe7 19.Na4 b6 20.Bd1 Ra8 21.Qg2 Rf6 22.Nc3 Rf7
23.Nxe5 Qxe5 24.Qg6+ Kh8 25.Qxf7 Ba6 26.Qxg7+ Qxg7 27.Rxg7 Kxg7 28.Be2 Rf8
29.Bd3 Nf6 30.Rg1+ Kf7 31.e5 Rg8 32.Rxg8 Nxg8 33.Ne2 c6 34.d6 Ke6 35.Nxf4+ Kd7
36.Bf5+ {#r} 1-0

[Event "Ch UrFO (open)"]
[Site "masterchessopen.com Cheliabinsk (Russia)"]
[Date "2011.03.20"]
[Round "2"]
[White "Arkhipenko Daniil (RUS)"]
[Black "Matveev Vladimir (RUS)"]
[Result "0-1"]
[WhiteElo "2181"]
[BlackElo "2222"]

1.d4 Nf6 2.c4 g6 3.Nc3 Bg7 4.e4 O-O 5.Be2 d6 6.Bg5 h6 7.Be3 c5 8.d5 e6 9.h3
exd5 10.exd5 Re8 11.Nf3 Bf5 12.g4 Be4 13.O-O Bxf3 14.Bxf3 Nbd7 15.Qc2 a6 16.a4
Ne5 17.Be2 Qd7 18.Bd2 Re7 19.f4 Nexg4 20.Qd3 Rae8 21.hxg4 Nxg4 22.Bf3 Bd4+
23.Kg2 Ne3+ 24.Bxe3 Rxe3 25.Qc2 h5 26.Ra3 Rxf3 27.Rxf3 Re1 28.f5 Qe7 29.Rg3
Qh4 30.Kf3 Re3+ {#R} 0-1

[Event "It \"]
[Site "masterchessopen.com Barcelona (Spain)"]
[Date "2011.05.26"]
[Round "8"]
[White "Martorell Aubanell Adria (ESP)"]
[Black "Flores Linan Josep Luis (ESP)"]
[Result "1-0"]
[WhiteElo "2113"]
[BlackElo "1926"]

1.d4 Nf6 2.c4 g6 3.Nc3 Bg7 4.e4 d6 5.Be2 O-O 6.Bg5 h6 7.Be3 Na6 8.g4 Kh7 9.h4
e5 10.d5 Nc5 11.Bf3 Ng8 12.g5 f5 13.h5 f4 14.Bxc5 dxc5 15.gxh6 Bxh6 16.hxg6+
Kg7 17.Qe2 a6 18.O-O-O Qd6 19.Kb1 Bd7 20.Nh3 Bxh3 21.Rxh3 Nf6 22.Rdh1 Rh8
23.Bg4 b5 24.cxb5 axb5 25.Nxb5 Qa6 26.Ra3 Qb6 27.Bf5 Rab8 28.Rb3 Qa5 29.Qc4
Bg5 30.Rd1 Rhf8 31.Qxc5 Kh6 32.Rh1+ {#r} 1-0

[Event "It \"]
[Site "masterchessopen.com Bhubaneswar (India)"]
[Date "2011.06.05"]
[Round "10"]
[White "Murshed Niaz (BAN)"]
[Black "Bitan Banerjee (IND)"]
[Result "1-0"]
[WhiteElo "2442"]
[BlackElo "2331"]

1.d4 Nf6 2.c4 g6 3.Nc3 Bg7 4.e4 d6 5.Be2 O-O 6.Bg5 h6 7.Be3 c5 8.e5 Nfd7 9.e6
fxe6 10.dxc5 Nxc5 11.Qc2 Qe8 12.Bxc5 dxc5 13.Bd3 Rf5 14.g4 Re5+ 15.Nge2 Nc6
16.O-O-O Nb4 17.Bxg6 Nxc2 18.Bxe8 Rxe2 19.Nxe2 Nd4 20.Nxd4 cxd4 21.f3 Be5
22.Kb1 Kg7 23.Ba4 Bf6 24.h4 e5 25.Bc2 Kf7 26.Rdg1 Be6 27.g5 hxg5 28.hxg5 Bg7
29.b3 Bd7 30.Be4 Bc6 31.g6+ Kf6 32.Kc2 a5 33.Kd3 Rc8 34.Rh5 e6 35.Rgg5 Bxe4+
36.fxe4 Rc5 37.Rg2 b5 38.Rh1 {#r} 1-0

[Event "Ch Spain (autonomicas) (team) (infantil)"]
[Site "masterchessopen.com Pamplona (Spain)"]
[Date "2011.06.27"]
[Round "1"]
[White "Carrancho Dosal Manuel (ESP)"]
[Black "Navarrete Espi Samuel (ESP)"]
[Result "0-1"]
[WhiteElo "1878"]
[BlackElo "2165"]

1.d4 Nf6 2.c4 g6 3.Nc3 Bg7 4.e4 d6 5.Be2 O-O 6.Bg5 h6 7.Be3 e5 8.d5 a5 9.Qd2
Kh7 10.f3 Nh5 11.O-O-O a4 12.g4 Nf4 13.h4 Bd7 14.Bf1 Na6 15.Nge2 Qe7 16.Nxf4
exf4 17.Bd4 Bxd4 18.Qxd4 Qe5 19.Qxe5 dxe5 20.h5 g5 21.Kd2 Nc5 22.Ke2 Ra6
23.Kf2 Rb6 24.Rd2 Ra8 25.Be2 Kg7 26.Rc1 Kf8 27.Nb5 Rc8 28.Na7 Bxg4 29.Nxc8
Bxc8 30.Rcd1 Ke7 31.Rb1 f5 32.exf5 Bxf5 33.Re1 e4 34.d6+ cxd6 35.Rd4 e3+
36.Kf1 Bh3+ 37.Kg1 Rxb2 38.Rxf4 gxf4 {#R} 0-1

[Event "Tournament (Elo) (A2)"]
[Site "masterchessopen.com Budapest (Hungary)"]
[Date "2011.08.13"]
[Round "8"]
[White "Juhasz Armin (HUN)"]
[Black "Hecht Carsten (GER)"]
[Result "1-0"]
[WhiteElo "2163"]
[BlackElo "1928"]

1.d4 Nf6 2.c4 g6 3.Nc3 Bg7 4.e4 d6 5.Be2 O-O 6.Bg5 h6 7.Be3 e5 8.d5 a5 9.Qd2
Kh7 10.f3 Ne8 11.g4 f5 12.gxf5 gxf5 13.exf5 Bxf5 14.Bd3 Qd7 15.O-O-O Na6
16.Nge2 Nb4 17.Bxf5+ Qxf5 18.a3 Na6 19.Ng3 Qg6 20.Rdf1 Nc5 21.Bxc5 dxc5
22.Rhg1 Nd6 23.Nge4 Nxe4 24.Nxe4 Qa6 25.Qd3 Kh8 26.Nxc5 Qa7 27.Rxg7 Kxg7
28.Rg1+ Kf6 29.Qg6+ {#r} 1-0

[Event "It (open) (b)"]
[Site "masterchessopen.com Rewal (Poland)"]
[Date "2011.08.22"]
[Round "3"]
[White "Popiol Michal (POL)"]
[Black "Stankiewicz Pawel (POL)"]
[Result "1-0"]
[WhiteElo "1836"]
[BlackElo "2098"]

1.d4 Nf6 2.c4 g6 3.Nc3 Bg7 4.e4 d6 5.Be2 O-O 6.Bg5 h6 7.Be3 e5 8.d5 Nbd7 9.Qd2
Kh7 10.h4 h5 11.f3 Ne8 12.O-O-O a6 13.g4 Ndf6 14.Bg5 Qd7 15.Nh3 Rb8 16.Rdg1 b5
17.Kb1 c6 18.cxb5 axb5 19.dxc6 Qxc6 20.Nd5 hxg4 21.Bxf6 Nxf6 22.Ng5+ Kg8
23.Ne7+ {#r} 1-0

[Event "It (open) \"]
[Site "masterchessopen.com Uljanovsk (Russia)"]
[Date "2011.08.26"]
[Round "3"]
[White "Saveliev Dmitri (RUS)"]
[Black "Gruzdev Artem (RUS)"]
[Result "1-0"]
[WhiteElo "2149"]
[BlackElo "1741"]

1.d4 Nf6 2.c4 g6 3.Nc3 Bg7 4.e4 d6 5.Be2 O-O 6.Bg5 h6 7.Bf4 Nbd7 8.Qd2 g5
9.Be3 e5 10.h4 Nh7 11.d5 f5 12.exf5 Rxf5 13.Bd3 Nc5 14.Bxc5 dxc5 15.Bxf5 Bxf5
16.hxg5 Nxg5 17.Qe3 b6 18.Nf3 Nxf3+ 19.gxf3 Qf6 20.Ne4 Qg6 21.Ke2 Kf7 22.Rag1
Qh7 23.Ng5+ {#r} 1-0

[Event "It (open)"]
[Site "masterchessopen.com Istanbul (Turkey)"]
[Date "2011.09.18"]
[Round "9"]
[White "Nasri Amin (IRI)"]
[Black "Baglan Esat (TUR)"]
[Result "1-0"]
[WhiteElo "2281"]
[BlackElo "1807"]

1.d4 Nf6 2.c4 g6 3.Nc3 Bg7 4.e4 d6 5.Be2 O-O 6.Bg5 h6 7.Be3 e5 8.d5 Nbd7 9.h4
Nc5 10.Qc2 a5 11.h5 g5 12.f3 c6 13.g4 cxd5 14.cxd5 a4 15.Nh3 Nh7 16.O-O Bd7
17.b4 axb3 18.axb3 Qb6 19.Bc4 Rxa1 20.Rxa1 Rc8 21.Qb2 Nf6 22.Nf2 Bf8 23.Qa3
Qc7 24.Nb5 Qd8 25.Bf1 Qe8 26.Qb4 Na6 27.Qa5 Nc5 28.Ra3 b6 29.Qb4 Ra8 30.Nc7
{#r} 1-0

[Event "It (open)"]
[Site "masterchessopen.com Zdar nad Sazavou (Czech Republic)"]
[Date "2011.09.28"]
[Round "6"]
[White "Vala Filip (CZE)"]
[Black "Gurtovoi Borys (UKR)"]
[Result "1-0"]
[WhiteElo "2084"]
[BlackElo "1953"]

1.c4 Nf6 2.Nc3 g6 3.e4 d6 4.d4 Bg7 5.Be2 O-O 6.Bg5 h6 7.Be3 c6 8.Qc2 Kh7 9.f3
Qc7 10.h4 Nh5 11.g4 Ng3 12.Rh2 Nxe2 13.Ngxe2 e5 14.d5 c5 15.Ng3 f5 16.exf5
gxf5 17.gxf5 a6 18.Qd3 Kh8 19.Rg2 Qf7 20.Nce4 Bxf5 21.Qd2 Bxe4 22.fxe4 Qf3
23.Qe2 Nd7 24.Qxf3 Rxf3 25.Ke2 Raf8 26.Rag1 R3f7 27.Nf5 Rxf5 28.exf5 Rf7
29.Rg6 Nf6 30.a3 Ne8 31.Re6 Nf6 32.Rxd6 e4 33.Re6 Ng8 34.d6 Rd7 35.Bxc5 Bf8
{#r} 1-0

[Event "Ch Belgrade (team) (Premijer liga)"]
[Site "masterchessopen.com Belgrade (Serbia)"]
[Date "2011.10.08"]
[Round "7"]
[White "Skare Goran (SRB)"]
[Black "Nenezic Marko (SRB)"]
[Result "1-0"]
[WhiteElo "2322"]
[BlackElo "2339"]

1.d4 Nf6 2.c4 g6 3.Nc3 Bg7 4.e4 d6 5.Be2 O-O 6.Bg5 h6 7.Be3 c5 8.d5 e6 9.Nf3
exd5 10.exd5 Re8 11.O-O Bf5 12.Nh4 Bd7 13.Nf3 Bg4 14.h3 Bf5 15.Nh4 Bc8 16.Nf3
Ne4 17.Nxe4 Rxe4 18.Qd2 g5 19.Bd3 Re8 20.Qc2 Na6 21.a3 Qf6 22.Rab1 Bxh3
23.Nxg5 hxg5 24.gxh3 Re5 25.Kg2 Qh6 26.Bf5 Qh4 27.b3 Nc7 28.Rg1 Kf8 29.Kh2 f6
30.Rg4 Qh5 31.Bg6 Qh6 32.Kg2 Ke7 33.b4 b6 34.Qd3 Ne8 35.f4 Rxe3 36.Qxe3+ Kf8
37.f5 Nc7 38.Re1 Kg8 39.Qe7 {#r} 1-0

[Event "It (open)"]
[Site "masterchessopen.com Arco (Italy)"]
[Date "2011.10.27"]
[Round "6"]
[White "Caldara Sisto (ITA)"]
[Black "Mastroddi Giuseppe (ITA)"]
[Result "1-0"]
[WhiteElo "1806"]
[BlackElo "1707"]

1.d4 Nf6 2.c4 g6 3.Nc3 Bg7 4.e4 d6 5.Be2 O-O 6.Bg5 h6 7.Be3 c5 8.d5 Nbd7 9.Qd2
Kh7 10.g4 Ne5 11.g5 hxg5 12.Bxg5 Rh8 13.h4 Kg8 14.a4 a6 15.Nf3 Nfd7 16.O-O-O
Nxf3 17.Bxf3 Ne5 18.Be2 Bg4 19.Bxg4 Nxg4 20.Rdg1 Ne5 21.Qe2 Qe8 22.f4 Nd7
23.f5 Ne5 24.fxg6 fxg6 25.h5 Qf7 26.hxg6 Qf3 27.Rxh8+ Bxh8 28.g7 Bxg7 29.Bh6
Kh7 30.Rxg7+ Kxh6 31.Qxf3 Nxf3 32.Rxe7 b5 33.Re6+ Kg7 34.Rxd6 b4 35.Ne2 Ng5
36.e5 Ne4 37.Rd7+ Kf8 38.Nf4 Ke8 39.Rh7 Rd8 40.Ra7 {#r} 1-0

[Event "It (open)"]
[Site "masterchessopen.com Las Palmas (Spain)"]
[Date "2011.12.02"]
[Round "1"]
[White "Garcia Vicente Nieves (ESP)"]
[Black "Santana Montjoy Javier (ESP)"]
[Result "1-0"]
[WhiteElo "2214"]
[BlackElo "1650"]

1.d4 Nf6 2.c4 g6 3.Nc3 Bg7 4.e4 d6 5.Be2 O-O 6.Bg5 h6 7.Be3 e5 8.d5 Ne8 9.Qd2
g5 10.h4 f6 11.Bh5 a5 12.Nge2 Na6 13.f3 Nc5 14.g4 Bh8 15.Bg6 Kg7 16.Bf5 c6
17.Ng3 Nc7 18.hxg5 fxg5 19.Bxc8 Rxc8 20.Nf5+ Rxf5 21.gxf5 b5 22.dxc6 bxc4
23.Bxc5 dxc5 24.O-O-O Qd4 25.Qe2 {#r} 1-0

[Event "Memorial Crespi (open)"]
[Site "masterchessopen.com Milan (Italy)"]
[Date "2011.12.03"]
[Round "1"]
[White "David Alberto (LUX)"]
[Black "Bonanno Alessandro (ITA)"]
[Result "1-0"]
[WhiteElo "2597"]
[BlackElo "2132"]

1.d4 Nf6 2.c4 g6 3.Nc3 Bg7 4.e4 d6 5.Be2 O-O 6.Bg5 h6 7.Be3 c5 8.e5 dxe5
9.dxe5 Qxd1+ 10.Rxd1 Ng4 11.Bxc5 Nc6 12.Nd5 Ngxe5 13.b3 b6 14.Ba3 Bb7 15.f4
Nd7 16.Bf3 Nc5 17.Ne2 e6 18.b4 exd5 19.bxc5 d4 20.O-O Rfd8 21.f5 g5 22.f6 d3
23.fxg7 dxe2 24.Bxe2 Kxg7 25.Bb2+ Kg8 26.Rd6 bxc5 27.Rxh6 Nd4 28.Bd3 Rd7
29.Rf5 Kf8 30.Rxg5 Nf3+ 31.gxf3 Rxd3 32.Bf6 Ke8 33.Re5+ Kd7 34.Re7+ {#r} 1-0

[Event "Memorial Crespi (open)"]
[Site "masterchessopen.com Milan (Italy)"]
[Date "2011.12.05"]
[Round "3"]
[White "David Alberto (LUX)"]
[Black "Iudicello Giovanni (ITA)"]
[Result "1-0"]
[WhiteElo "2597"]
[BlackElo "2188"]

1.d4 Nf6 2.c4 g6 3.Nc3 Bg7 4.e4 d6 5.Be2 O-O 6.Bg5 h6 7.Be3 e5 8.d5 a5 9.Qd2
Kh7 10.f3 Na6 11.O-O-O Bd7 12.g4 Ng8 13.h4 b6 14.Nh3 f6 15.Rdg1 Qe7 16.Bd3 Nc5
17.Bc2 Rab8 18.f4 Be8 19.f5 gxf5 20.exf5 Ra8 21.Ng5+ Kh8 22.Ne6 Rf7 23.g5 Bd7
24.gxh6 Bf8 25.Rg6 Qe8 26.Rhg1 Ne7 27.Qg2 Bxe6 28.Rg8+ Kh7 29.fxe6+ {#r} 1-0

[Event "It (open)"]
[Site "masterchessopen.com Marseilles (France)"]
[Date "2011.12.26"]
[Round "2"]
[White "Teychene Jean-Louis (FRA)"]
[Black "Dubois Marie (FRA)"]
[Result "1-0"]
[WhiteElo "1941"]
[BlackElo "1778"]

1.d4 Nf6 2.c4 g6 3.Nc3 Bg7 4.e4 d6 5.Be2 O-O 6.Bg5 h6 7.Be3 Nbd7 8.Qd2 Kh7
9.h4 h5 10.f3 c5 11.Nh3 cxd4 12.Bxd4 Ne5 13.Ng5+ Kg8 14.O-O-O a6 15.Bxe5 {#r}
1-0

[Event "It (open) (b)"]
[Site "masterchessopen.com Krakow (Poland)"]
[Date "2011.12.29"]
[Round "3"]
[White "Reza Wojciech"]
[Black "Mucha Piotr"]
[Result "1-0"]
[WhiteElo "2073"]
[BlackElo "1926"]

1.d4 Nf6 2.c4 g6 3.Nc3 Bg7 4.e4 d6 5.Be2 O-O 6.Bg5 h6 7.Be3 e5 8.c5 Na6 9.cxd6
cxd6 10.d5 Nc5 11.Qd2 Kh7 12.Bd3 b5 13.f3 b4 14.Nce2 {#r} 1-0

[Event "It (open)"]
[Site "masterchessopen.com Sevilla (Spain)"]
[Date "2012.01.07"]
[Round "1"]
[White "Herraiz Hidalgo Herminio (ESP)"]
[Black "Hidalgo Begines Juan Jose (ESP)"]
[Result "1-0"]
[WhiteElo "2469"]
[BlackElo "1857"]

1.d4 Nf6 2.c4 g6 3.Nc3 Bg7 4.e4 d6 5.Be2 O-O 6.Bg5 h6 7.Be3 Nbd7 8.Qd2 Kh7
9.f3 c6 10.Nh3 a6 11.Nf2 Qc7 12.O-O c5 13.Rac1 b6 14.Nd5 Nxd5 15.cxd5 a5 16.f4
Qd8 17.Rfe1 cxd4 18.Bxd4 Nc5 19.Rc3 Ba6 20.Bxa6 Rxa6 21.Rh3 Qd7 22.f5 Rh8
23.fxg6+ fxg6 24.Bxg7 Kxg7 25.Qd4+ Kg8 26.Rg3 Qe8 27.e5 Qf7 28.exd6 exd6
29.Ng4 Nd7 30.Rf3 Qg7 31.Qxg7+ Kxg7 32.Re7+ {#r} 1-0

[Event "Ch Bulgaria (1/2 final)"]
[Site "masterchessopen.com Plovdiv (Bulgaria)"]
[Date "2012.02.07"]
[Round "2"]
[White "Tsvetkov Ilia (BUL)"]
[Black "Ruschukov Boyan (BUL)"]
[Result "1-0"]
[WhiteElo "2374"]
[BlackElo "1993"]

1.c4 Nf6 2.Nc3 g6 3.e4 d6 4.d4 Bg7 5.Be2 O-O 6.Bg5 h6 7.Be3 c5 8.e5 dxe5
9.dxe5 Qxd1+ 10.Rxd1 Nfd7 11.f4 Nc6 12.Nf3 f6 13.exf6 exf6 14.Nb5 f5 15.Nd6
Nb6 16.b3 Nb4 17.Bxc5 Nxa2 18.Bd4 Nc3 19.Bxg7 Kxg7 20.Rd4 Nxe2 21.Kxe2 Rb8
22.Ra1 a6 23.Ra5 Be6 24.Rc5 Na8 25.Rd3 Kf6 26.h4 Rfd8 27.Re5 Rd7 28.c5 Nc7
29.Nd4 Bg8 30.h5 Nd5 31.g3 gxh5 32.N4xf5 Nb4 33.Ne4+ {#r} 1-0

[Event "Ch Catarinense"]
[Site "masterchessopen.com Piratuba (Brazil)"]
[Date "2012.02.08"]
[Round "1"]
[White "Juliano Joao Carlos Mazzini"]
[Black "De Amorim Lucio Antonio"]
[Result "0-1"]
[WhiteElo "1983"]
[BlackElo "2203"]

1.d4 Nf6 2.c4 g6 3.Nc3 Bg7 4.e4 d6 5.Be2 O-O 6.Bg5 h6 7.Be3 e5 8.d5 c6 9.Qd2
cxd5 10.cxd5 Kh7 11.f3 a6 12.a4 Nh5 13.g3 f5 14.f4 exf4 15.gxf4 Qh4+ 16.Bf2
Qxf4 17.Bxh5 Qxd2+ 18.Kxd2 gxh5 19.Nge2 Nd7 20.Bg3 Ne5 21.Raf1 Bd7 22.Nf4 Rac8
23.Ne6 Nc4+ 24.Ke2 Bxe6 25.dxe6 Nxb2 26.e7 Rfe8 27.Nd5 Rc2+ 28.Ke3 fxe4
29.Kxe4 Rd2 30.Bxd6 Rd4+ {#R} 0-1

[Event "Bundesliga 2011/12 (w)"]
[Site "masterchessopen.com Germany"]
[Date "2012.02.12"]
[Round "9"]
[White "Schleining Zoja (GER)"]
[Black "Kachiani-G Ketino (GER)"]
[Result "0-1"]
[WhiteElo "2326"]
[BlackElo "2319"]

1.d4 Nf6 2.c4 g6 3.Nc3 Bg7 4.e4 d6 5.Be2 O-O 6.Bg5 h6 7.Be3 Nbd7 8.Qd2 c5 9.d5
Kh7 10.h3 a6 11.a4 Qa5 12.Ra3 Qb4 13.Nf3 Nb6 14.e5 dxe5 15.Nxe5 Nfxd5 16.Nxg6
fxg6 17.cxd5 Rd8 18.Qc1 Nc4 19.Bxc4 Qxc4 20.f3 b6 21.Kf2 Qh4+ 22.g3 Qc4 23.Re1
Ra7 24.Kg2 Rad7 25.Bf4 Bb7 26.Re4 Qd3 27.Be5 Bxd5 28.Bxg7 Bxe4 29.Qxh6+ Kg8
30.Nxe4 Qc2+ 31.Nf2 Rd2 32.g4 Rxf2+ 33.Kg3 Rg2+ 34.Kf4 Qc4+ 35.Kg5 Rd5+ 36.Kh4
Rh5+ 37.Qxh5 gxh5 38.Be5 Qe2 39.Bf4 Qxb2 40.Re3 hxg4 {#R} 0-1

[Event "Extraliga 2011/12"]
[Site "masterchessopen.com Slovakia"]
[Date "2012.02.12"]
[Round "8"]
[White "Salai Ladislav (SVK)"]
[Black "Hanko Pavol (SVK)"]
[Result "1-0"]
[WhiteElo "2355"]
[BlackElo "2138"]

1.c4 Nf6 2.Nc3 g6 3.d4 Bg7 4.e4 d6 5.Be2 O-O 6.Bg5 h6 7.Bh4 Na6 8.Nf3 g5 9.Bg3
Nh5 10.O-O e5 11.d5 f5 12.exf5 Bxf5 13.Nd2 Nxg3 14.hxg3 Nc5 15.b4 e4 16.Rc1
Nd3 17.Bxd3 exd3 18.g4 Bg6 19.Nde4 Bxc3 20.Nxc3 Qf6 21.Qd2 Rf7 22.Nd1 Re8
23.Ne3 h5 24.gxh5 Bxh5 25.Qxd3 Bg6 26.Qc3 Qf4 27.Rce1 Rh7 28.f3 Qh2+ 29.Kf2
Qh4+ 30.Ke2 Rhe7 31.Kd1 Qf4 32.Ng4 Rxe1+ 33.Rxe1 Rxe1+ 34.Kxe1 c6 35.Kf2 Bf5
36.g3 {#r} 1-0

[Event "Tournament (open)"]
[Site "masterchessopen.com Natal (Brazil)"]
[Date "2012.02.17"]
[Round "1"]
[White "De Melo Fernando Sa"]
[Black "Cunha Rafael Fernandes"]
[Result "1-0"]
[WhiteElo "2101"]
[BlackElo "1827"]

1.d4 Nf6 2.c4 g6 3.Nc3 Bg7 4.e4 d6 5.Be2 O-O 6.Bg5 h6 7.Be3 Na6 8.Qd2 Kh7 9.f3
c5 10.h4 Nd7 11.Nh3 e5 12.d5 Nc7 13.g4 Rb8 14.h5 g5 15.Nf2 a6 16.a4 b6 17.Rb1
Nf6 18.b4 cxb4 19.Rxb4 Nd7 20.O-O Na8 21.Rfb1 Qc7 22.Qa2 Rd8 23.Nd3 Bb7 24.Kg2
Rdc8 25.Qb2 Nc5 26.Bxc5 dxc5 27.Rb3 Bf6 28.Nd1 Bd8 29.Qxe5 Qxe5 30.Nxe5 Rc7
31.a5 Re7 32.Nd3 f6 33.axb6 Rc8 34.Nc3 Rd7 35.Na4 Kg8 36.e5 fxe5 37.Nxe5 Rh7
38.Bd3 {#r} 1-0

[Event "Ch Region"]
[Site "masterchessopen.com Cheliabinsk (Russia)"]
[Date "2012.02.24"]
[Round "7"]
[White "Kaliev Konstantin"]
[Black "Tretjachenko Leonid"]
[Result "1-0"]
[WhiteElo "1925"]
[BlackElo "1900"]

1.d4 Nf6 2.c4 g6 3.Nc3 Bg7 4.e4 d6 5.Be2 O-O 6.Bg5 h6 7.Bf4 e6 8.Qd2 Kh7 9.h4
Qe7 10.Nf3 Nc6 11.O-O-O e5 12.dxe5 Nxe5 13.Nxe5 dxe5 14.Be3 Be6 15.Nd5 Bxd5
16.exd5 Ne4 17.Qc2 f5 18.h5 g5 19.g4 Kh8 20.Bd3 Nd6 21.c5 Rac8 22.Kb1 e4
23.Bf1 Ne8 24.gxf5 Rd8 25.Bg2 Nf6 26.Bxg5 hxg5 27.h6 Rxd5 28.hxg7+ Kxg7
29.Rxd5 Nxd5 30.Bxe4 Nf6 31.Bxb7 Qe5 32.Rg1 g4 33.Bf3 Qh2 34.Qc1 Qxf2 35.Bxg4
Kf7 36.Bh5+ Nxh5 37.Qc4+ {#r} 1-0

[Event "Ch City (open)"]
[Site "masterchessopen.com Warsaw (Poland)"]
[Date "2012.05.28"]
[Round "3"]
[White "Alvarado Carlos (PER)"]
[Black "Rudolf Michal (POL)"]
[Result "0-1"]
[WhiteElo "2215"]
[BlackElo "2383"]

1.d4 Nf6 2.c4 g6 3.Nc3 Bg7 4.e4 d6 5.Be2 O-O 6.Bg5 h6 7.Be3 c5 8.d5 e6 9.h3
exd5 10.exd5 Re8 11.Qd2 Kh7 12.Nf3 Bf5 13.O-O Ne4 14.Nxe4 Bxe4 15.Ne1 Qf6
16.Bd3 Nd7 17.Rb1 Qf5 18.Qc2 a6 19.b4 b6 20.a3 Rac8 21.b5 Ra8 22.bxa6 Rxa6
23.Rb3 Ra4 24.g4 Qe5 25.f4 Qe7 26.Bc1 Bd4+ 27.Kh2 Bxd3 28.Rxd3 Rxc4 29.Re3
Rxc2+ {#R} 0-1

[Event "It \"]
[Site "masterchessopen.com Bad Homburg (Germany)"]
[Date "2012.06.08"]
[Round "4"]
[White "Speck Stefan (GER)"]
[Black "Cipca Adrian (GER)"]
[Result "1-0"]
[WhiteElo "2000"]
[BlackElo "1842"]

1.d4 Nf6 2.c4 g6 3.Nc3 Bg7 4.e4 d6 5.Be2 O-O 6.Bg5 h6 7.Be3 e5 8.d5 a5 9.h3
Na6 10.Nf3 Nh5 11.Qd2 Kh7 12.g3 Nc5 13.Nh2 Nf6 14.Bxc5 dxc5 15.g4 Ne8 16.Qe3
b6 17.O-O-O f6 18.Kc2 Nd6 19.Nf1 f5 20.Nd2 f4 21.Qf3 Qh4 22.Rdg1 Qe7 23.Qg2
Bd7 24.a4 Rf7 25.b3 Raf8 26.Nf3 Bf6 27.h4 g5 28.hxg5 Bxg5 29.Rh5 Rg7 30.Rgh1
Be8 31.Nxg5+ Kg8 32.Ne6 Bxh5 33.Rxh5 Rg6 34.Nxf8 Qxf8 35.Rxe5 Qg7 36.Re6 Rg5
37.Qh2 Nf7 38.Qxf4 Ne5 39.Qf6 Nxg4 40.Qxg7+ {#r} 1-0

[Event "Ch Brazil (juniors) (under 20) (w)"]
[Site "masterchessopen.com Sao Paulo (Brazil)"]
[Date "2012.06.08"]
[Round "4"]
[White "Schucman Rebeca Lot"]
[Black "Tamarozi Isabelle"]
[Result "1-0"]
[WhiteElo "1575"]
[BlackElo "1675"]

1.d4 Nf6 2.c4 g6 3.Nc3 Bg7 4.e4 d6 5.Be2 O-O 6.Bg5 h6 7.Be3 Nbd7 8.Qd2 Kh7
9.f3 e5 10.d5 Nc5 11.g4 a6 12.g5 hxg5 13.Bxg5 Qe8 14.h4 Nh5 15.O-O-O b5 16.Re1
b4 17.Nd1 a5 18.Nh3 a4 19.Ndf2 Ng3 20.Rh2 Nxe2+ 21.Qxe2 a3 22.b3 Bxh3 23.Rxh3
Qc8 24.h5 Nxb3+ 25.axb3 a2 26.Kb2 Qa6 27.Ka1 Qb6 28.hxg6+ Kxg6 29.Be3 Qa6
30.Rg1+ {#r} 1-0

[Event "Ch Greece (team)"]
[Site "masterchessopen.com Achaea (Greece)"]
[Date "2012.07.05"]
[Round "7"]
[White "Michelakos Panagiotis (GRE)"]
[Black "Tzouganakis Panteleimon (GRE)"]
[Result "1-0"]
[WhiteElo "2168"]
[BlackElo "2096"]

1.d4 Nf6 2.c4 g6 3.Nc3 Bg7 4.e4 d6 5.Be2 O-O 6.Bg5 h6 7.Be3 e5 8.d5 a5 9.Qd2
Kh7 10.f3 Nh5 11.g3 Na6 12.O-O-O Nc5 13.f4 Nf6 14.Bxc5 dxc5 15.fxe5 Ng4
16.Bxg4 Bxg4 17.Rf1 Bxe5 18.h3 Bd7 19.Nf3 Qf6 20.h4 Kg7 21.h5 Bxg3 22.Ne2 Bd6
23.hxg6 Qxg6 24.Rfg1 Bg4 25.Rxg4 {#r} 1-0

[Event "It \"]
[Site "masterchessopen.com Berlin (Germany)"]
[Date "2012.07.11"]
[Round "5"]
[White "Steinborn Bjoern (GER)"]
[Black "Sommaro Katja (GER)"]
[Result "1-0"]
[WhiteElo "1890"]
[BlackElo "2120"]

1.d4 Nf6 2.c4 g6 3.Nc3 Bg7 4.e4 d6 5.Be2 O-O 6.Bg5 h6 7.Be3 Nbd7 8.Qd2 Kh7
9.f4 c5 10.d5 Rb8 11.e5 Ne8 12.Nf3 f5 13.h4 h5 14.Ng5+ Kg8 15.Ne6 Qa5 16.Nxf8
Kxf8 17.O-O dxe5 18.fxe5 Nxe5 19.Bf4 Qa6 20.Rae1 Nd6 21.Qe3 Ng4 22.Qg3 Bd4+
23.Kh1 Bxc3 24.Qxc3 e5 25.Bxg4 Qxc4 26.Qxe5 {#r} 1-0

[Event "It (open) \"]
[Site "masterchessopen.com Barcelona (Spain)"]
[Date "2012.07.18"]
[Round "6"]
[White "Avila Jimenez Javier (ESP)"]
[Black "Perpinya Rofes Lluis Maria (ESP)"]
[Result "0-1"]
[WhiteElo "2279"]
[BlackElo "2401"]

1.d4 Nf6 2.c4 g6 3.Nc3 Bg7 4.e4 d6 5.Be2 O-O 6.Bg5 h6 7.Be3 c5 8.d5 e6 9.dxe6
Bxe6 10.Qd2 Qa5 11.f3 h5 12.Rd1 Nc6 13.h4 Rad8 14.Nh3 Ne5 15.b3 Nc6 16.Nb5 Nb4
17.Kf2 a6 18.Nc3 Nd7 19.Nf4 Ne5 20.a4 Nec6 21.Ncd5 Bxd5 22.Nxd5 Nxd5 23.Qxd5
Qb6 24.g4 hxg4 25.h5 Qxb3 26.hxg6 g3+ 27.Kxg3 Qxe3 28.Rh7 Be5+ 29.Kh3 Nb4
30.Qxb7 fxg6 {#R} 0-1